Reglamento de tenis de mesa (Registro nro. 10152)

Detalles MARC
000 -CABECERA
Longitud fija campo de control 00600nam a2200217 a 4500
003 - • IDENTIFICADOR DELl NÚMERO DE CONTROL
Identificador del número de control CO-ViMGA
005 - • FECHA Y HORA DE LA ÚLTIMA TRANSACCIÓN
Fecha y hora de la última transacción 20230915223743.0
008 - • CÓDIGOS DE INFORMACIÓN DE LONGITUD FIJA
Códigos de información de longitud fija 141112s2004 ck r 000 u spa d
040 ## - FUENTE DE LA CATALOGACIÓN
Centro catalogador de origen CO-ViMGA
Lengua de catalogación spa
Centro transcriptor CO-ViMGA
082 04 - • NÚMERO DE LA CLASIFICACIÓN DECIMAL DEWEY
Número de clasificación (R) R796.346 P373r
100 1# - • PUNTO DE ACCESO PRINCIPAL-NOMBRE DE PERSONA
Nombre de persona Perea, Rosero Tucidides
245 10 - • TITULO PROPIAMENTE DICHO
Título Reglamento de tenis de mesa
250 ## - • MENCIÓN DE EDICIÓN
Mención de edición 2a
300 ## - • DESCRIPCIÓN FÍSICA
Extensión 92 p : il
590 ## - NOTAS LOCALES
Nota local Datos de inventario : 05460
650 14 - • PUNTO DE ACCESO ADICIONAL DE MATERIA - TÉRMINO DE MATERIA
Término de materia o nombre geográfico como elemento inicial TENIS DE MESA - REGLAMENTOS
650 14 - • PUNTO DE ACCESO ADICIONAL DE MATERIA - TÉRMINO DE MATERIA
Término de materia o nombre geográfico como elemento inicial TENIS DE MESA
942 ## - ENTRADA DE ELEMENTOS AGREGADOS (KOHA)
Fuente de clasificaión o esquema Dewey Decimal Classification
Koha [por defecto] tipo de item LIbro
Existencias
Perdido Fuente de clasificación o esquema Estado Físico Restricciones de uso No para préstamo Forma de adquisición Localización permanente Localización actual Fecha adquisición Serie de enumeración / cronolog&íacute;a Préstamos totales Signatura completa Código de barras Fecha última consulta Número de copia Fecha del precio de reemplazo Tipo de item de Koha
  Dewey Decimal Classification       Sala General Biblioteca Barrio Porfia - Villavicencio Biblioteca Barrio Porfia - Villavicencio 12/04/2015 Volumen. 1 | 11/jun/2009   R796.346 P373r 54831 04/20/2018 Ej. 1 12/04/2015 LIbro
  Dewey Decimal Classification   Restricted Access Not For Loan Sala General Biblioteca Comunitaria - Villavicencio Biblioteca Comunitaria - Villavicencio 02/23/2016 vol.1   R796.346 P373r 29710 02/23/2016 Ej. 4 02/23/2016 LIbro
  Dewey Decimal Classification   Restricted Access Not For Loan Sala General Biblioteca Comunitaria - Villavicencio Biblioteca Comunitaria - Villavicencio 02/23/2016 vol.2   R796.346 P373r 5384 08/03/2017 Ej. 4 08/03/2017 LIbro
  Dewey Decimal Classification   Restricted Access Not For Loan Sala General Biblioteca Comunitaria - Villavicencio Biblioteca Comunitaria - Villavicencio 02/23/2016 vol.3   R796.346 P373r 5385 08/03/2017 Ej. 4 08/03/2017 LIbro
  Dewey Decimal Classification   Restricted Access Not For Loan Sala General Biblioteca Comunitaria - Villavicencio Biblioteca Comunitaria - Villavicencio 02/23/2016 vol.4   R796.346 P373r 5411 08/03/2017 Ej. 4 08/03/2017 LIbro
  Dewey Decimal Classification       Sala General Segundo Piso Biblioteca Pública Germán Arciniegas - Villavicencio Biblioteca Pública Germán Arciniegas - Villavicencio 12/04/2015 Volumen. 1 | 11/jun/2009   R796.346 P373r 5483 12/04/2015 Ej. 1 12/04/2015 LIbro









Instituto Departamental de Cultura del Meta - Red Departamental de Bibliotecas Públicas del Meta.